LIBRARY ONLINE CATALOGUE

African socialim and its application to planning in Kenya / (Record no. 13633)

MARC details
000 -LEADER
fixed length control field 00676cam a22002172 4500
001 - CONTROL NUMBER
control field 0000013546
005 - DATE AND TIME OF LATEST TRANSACTION
control field 20151217155857.0
008 - FIXED-LENGTH DATA ELEMENTS--GENERAL INFORMATION
fixed length control field 090916s xx 000 0 eng d
040 ## - CATALOGING SOURCE
Original cataloging agency KABU
Transcribing agency KABU
110 2# - MAIN ENTRY--CORPORATE NAME
Corporate name or jurisdiction name as entry element Kenya, Republic of.
-- 0000150051
245 10 - TITLE STATEMENT
Title African socialim and its application to planning in Kenya /
Statement of responsibility, etc. Kenya.
250 ## - EDITION STATEMENT
Edition statement 1st ed.
260 ## - PUBLICATION, DISTRIBUTION, ETC. (IMPRINT)
Place of publication, distribution, etc. Nairobi :
Name of publisher, distributor, etc. Govt. Printer,
Date of publication, distribution, etc. 1965.
300 ## - PHYSICAL DESCRIPTION
Extent 56 p.
490 0# - SERIES STATEMENT
Series statement Sessional paper ;
Volume/sequential designation of 1965
650 #0 - SUBJECT ADDED ENTRY--TOPICAL TERM
Topical term or geographic name as entry element Socialism
Geographic subdivision Africa.
-- 0000170986
651 #0 - SUBJECT ADDED ENTRY--GEOGRAPHIC NAME
Geographic name Kenya
General subdivision Economic conditions.
-- 0000148722
852 1# - LOCATION
-- p55 KES
908 ## - PUT COMMAND PARAMETER (RLIN)
Put command parameter 090916
950 ## - LOCAL HOLDINGS (RLIN)
-- 1
Holdings
Withdrawn status Lost status Source of classification or shelving scheme Not for loan Home library Current library Date acquired Total Checkouts Full call number Barcode Date last seen Price effective from Koha item type
    Library of Congress Classification   Kabarak, Main Campus Kabarak, Main Campus 17/12/2015   HC865 .K46 1965 c. 1 18092 17/12/2015 17/12/2015 Africana Collection